000 00688nam a22002177a 4500
001 19332
003 BD-RjUL
005 20211209000422.0
008 140224r19541936enkc 6 000 0 eng d
035 _a(BD-RjUL)19391
040 _aBD-RjUL
_beng
_cBD-RjUL
041 _aeng
082 _223
_a822.33
_bSHK 1954
100 1 _aShakespeare, William.
_959455
245 _aKing John /
_cWilliam Shakespeare, edited by John Dover Wilson
260 _aCambridge :
_bAt The University Press,
_c1936 [Reprinted 1954].
300 _aIxxix, 208 p. :
_bPortrits ;
_c18 cm.
650 0 _aJohn, King of England,
_v1167-1216 --Drama.
_959456
700 1 _aWilson, John Dover
_9242754
942 _2ddc
_cBK
999 _c19332
_d19332